|
|
|
|
| LEADER |
00000cam a2200000 7i4500 |
| 001 |
0000000602 |
| 005 |
20000911.0 |
| 090 |
0 |
0 |
|a MR345.5950268
|b MAL 1997
|
| 110 |
1 |
0 |
|a MALAYSIA
|
| 245 |
1 |
0 |
|a Undang-undang siber .
|l Cyber laws
|
| 260 |
0 |
0 |
|a [Kuala Lumpur :
|b Percetakan Nasional Malaysia]c1997
|
| 300 |
|
|
|a Various pagings ;
|c 25 cm.
|
| 440 |
0 |
0 |
|a Undang-undang Malaysia
|
| 650 |
0 |
0 |
|a Computer crimes
|x Law and legislation
|z Malaysia
|
| 650 |
0 |
0 |
|a Medical telematics
|x Law and legislation
|z Malaysia
|
| 651 |
0 |
0 |
|a Malaysia
|x Akta Jenayah Komputer, 1997
|
| 651 |
0 |
0 |
|a Malaysia
|x Akta Tandatangan Digital, 1997
|
| 651 |
0 |
0 |
|a Malaysia
|x Akta Teleperubatan, 1997
|
| 745 |
0 |
0 |
|a Cyber laws
|
| 999 |
|
|
|a 0000001689
|b Monograph
|c Reference
|e Default branch
|